Diseno y fabricacion de  labes de turbina PELTON en hierro gris
Uloženo v:
| Hlavní autor: | |
|---|---|
| Další autoři: | |
| Médium: | Kniha |
| Vydáno: |
San José, Costa Rica
1992
|
| Témata: | |
| Tagy: |
Přidat tag
Žádné tagy, Buďte první, kdo vytvoří štítek k tomuto záznamu!
|
MARC
| LEADER | 00000nam a2200000Ia 4500 | ||
|---|---|---|---|
| 003 | 005513 | ||
| 005 | 20221231144320.0 | ||
| 008 | 140114s1992 cr a m 000 ||s d | ||
| 040 | |c cru CEDI | ||
| 090 | |a TFG 2638 | ||
| 100 | |a Monge Sandi, Melvin |9 12304 | ||
| 245 | |a Diseno y fabricacion de  labes de turbina PELTON en hierro gris | ||
| 260 | |c 1992 |a San José, Costa Rica | ||
| 300 | |a 135 hojas : ilustraciones ; 27 cm. | ||
| 500 | |a Proyecto de graduación (licenciatura en ingenieria mecánica)--Universidad de Costa Rica. Facultad de Ingeniería. Escuela de Ingeniería Mecánica | ||
| 650 | |x PALETAS DE HELICE - DISEÑO |9 12288 | ||
| 700 | |9 12305 |a Hernández Chaves, Luis Guillermo | ||
| 942 | |c TFG | ||
| 999 | |c 20037 |d 20037 | ||
